000 00494nam a2200181Ia 4500
005 20250508152028.0
008 008 250505s9999 xx 000 0 eng d
037 _aBooks to be hide in OPAC
040 _aFEDL
_beng
_cFEDL
041 _aeng
_2eng
084 _a370.942, SUR/O
_qFEDL
245 0 _aBudget report of the finance committee
245 0 _cSurrey County Council
260 _c1948
300 _a95p.
942 _cHB
_h370.942, SUR/O
999 _c1333741
_d1333741